[Event "GRE-chT 42nd"]
[Site "Porto Rio"]
[Date "2014.07.03"]
[Round "7.9"]
[White "Andromedas, Georgios"]
[Black "Alexakis, Georgios"]
[Result "1/2-1/2"]
[WhiteElo "1570"]
[BlackElo "1782"]
[PlyCount "63"]
[EventDate "2014.06.28"]
[EventType "team-swiss"]
[EventRounds "7"]
[EventCountry "GRE"]
[SourceTitle "CBM 161 Extra"]
[Source "ChessBase"]
[SourceDate "2014.08.29"]
[SourceVersion "1"]
[SourceVersionDate "2014.08.29"]
[SourceQuality "1"]
[WhiteTeam "Chess Spring"]
[BlackTeam "Peiraikos PG"]
[WhiteTeamCountry "GRE"]
[BlackTeamCountry "GRE"]

1. e4 c5 2. Nf3 d6 3. d4 cxd4 4. Nxd4 Nf6 5. Nc3 g6 6. Bc4 Bg7 7. Bb3 0-0 8. f3 Nc6 9. Be3 Nxd4 10. Bxd4 Be6 11. 0-0 Qa5 12. Re1 Nd7 13. Bxg7 Kxg7 14. Nd5 Bxd5 15. Qxd5 Qc7 16. Rad1 a6 17. c3 Rac8 18. Qd4+ Kg8 19. f4 Nc5 20. Qd5 Qb6 21. Kh1 Nxb3 22. Qxb3 Qxb3 23. axb3 Rfd8 24. Kg1 Kf8 25. Kf2 Rc5 26. Rd3 Rdc8 27. Kf3 h5 28. h4 R8c7 29. Red1 a5 30. Rd5 b6 31. Ke3 Rc8 32. g3 1/2-1/2

[Event "GRE-ch U12"]
[Site "Patras"]
[Date "2013.07.10"]
[Round "4.4"]
[White "Anthopoulos, Hristos"]
[Black "Andromedas, Georgios"]
[Result "0-1"]
[WhiteElo "1725"]
[BlackElo "1487"]
[PlyCount "90"]
[EventDate "2013.07.08"]
[EventType "swiss"]
[EventRounds "9"]
[EventCountry "GRE"]
[SourceTitle "EXT 2024"]
[Source "ChessBase"]
[SourceDate "2023.10.10"]
[SourceVersion "1"]
[SourceVersionDate "2023.10.10"]
[SourceQuality "1"]

1. e4 e5 2. Nf3 Nf6 3. Nc3 Nc6 4. Bc4 Bc5 5. d3 d6 6. Bg5 h6 7. Be3 Bb6 8. h3 Be6 9. Bb3 d5 10. exd5 Nxd5 11. Nxd5 Bxd5 12. Bxd5 Qxd5 13. Bxb6 axb6 14. a3 0-0 15. 0-0 Rad8 16. Qe2 Nd4 17. Nxd4 Qxd4 18. c3 Qd6 19. Rad1 Rfe8 20. Qf3 Qd5 21. Qxd5 Rxd5 22. Rfe1 Kf8 23. Kf1 Re7 24. f3 f6 25. Re3 Kf7 26. g4 g5 27. Kf2 Kg6 28. Ke2 Kf7 29. d4 exd4 30. Rxe7+ Kxe7 31. Rxd4 Ke6 32. Ke3 b5 33. Re4+ Kd6 34. b3 f5 35. Rd4 fxg4 36. fxg4 c5 37. Re4 Re5 38. Kd3 Rd5+ 39. Ke3 Re5 40. a4 c4 41. bxc4 Rxe4+ 42. Kxe4 bxa4 43. Kd3 Kc5 44. Kc2 Kxc4 45. Kb2 a3+ 0-1

[Event "GRE-chT 41st"]
[Site "Achaia"]
[Date "2013.07.07"]
[Round "7.10"]
[White "Petrakis, Stylianos"]
[Black "Andromedas, Georgios"]
[Result "1/2-1/2"]
[WhiteElo "1552"]
[BlackElo "1487"]
[PlyCount "82"]
[EventDate "2013.07.02"]
[EventType "team-swiss"]
[EventRounds "7"]
[EventCountry "GRE"]
[SourceTitle "CBM 155 Extra"]
[Source "ChessBase"]
[SourceDate "2013.08.26"]
[SourceVersion "1"]
[SourceVersionDate "2013.08.26"]
[SourceQuality "1"]
[WhiteTeam "Chania ADA"]
[BlackTeam "Chess Spring"]
[WhiteTeamCountry "GRE"]
[BlackTeamCountry "GRE"]

1. e4 e5 2. Nf3 Nf6 3. Nxe5 d6 4. Nf3 Nxe4 5. d4 d5 6. Bd3 Be7 7. 0-0 Bg4 8. Nc3 f5 9. Qe2 0-0 10. Nxd5 Nc6 11. Nxe7+ Qxe7 12. c3 Rfe8 13. Re1 Qd7 14. Bc4+ Kh8 15. Qd3 Na5 16. Ne5 Rxe5 17. dxe5 Qe7 18. f3 Nc5 19. Qf1 Bh5 20. b4 Nxc4 21. Qxc4 Ne6 22. Be3 g5 23. Bc5 Qe8 24. g4 Bg6 25. Rad1 h5 26. h3 Nf4 27. Kh2 Qc6 28. Qf1 fxg4 29. fxg4 hxg4 30. hxg4 Kg7 31. Re3 Rh8+ 32. Kg3 Rh3+ 33. Qxh3 Nxh3 34. Kxh3 Qe6 35. Rf1 Bh5 36. Rf5 Bg6 37. Rf6 Qxa2 38. Bf8+ Kh7 39. e6 Qc2 40. e7 Be4 41. Rff3 Bxf3 1/2-1/2

[Event "Fyli op 5th"]
[Site "Fyli"]
[Date "2012.09.15"]
[Round "1"]
[White "Andromedas, Georgios"]
[Black "Gougis, Antonios"]
[Result "1/2-1/2"]
[WhiteElo "1412"]
[BlackElo "1639"]
[PlyCount "83"]
[EventDate "2012.09.15"]
[EventType "swiss"]
[EventRounds "7"]
[EventCountry "GRE"]
[SourceTitle "EXT 2014"]
[Source "ChessBase"]
[SourceDate "2013.11.20"]
[SourceVersion "1"]
[SourceVersionDate "2013.11.20"]
[SourceQuality "1"]

1. d4 Nf6 2. f4 c5 3. e3 cxd4 4. exd4 d5 5. Bd3 Nc6 6. c3 e6 7. Nf3 Bd6 8. 0-0 0-0 9. Ne5 Nd7 10. Qh5 f5 11. Nd2 Nf6 12. Qh3 a6 13. Ndf3 Bd7 14. Bd2 Be8 15. Ng5 Qe7 16. Rae1 Bxe5 17. fxe5 Nh5 18. Be2 g6 19. Bxh5 gxh5 20. Nf3 Qg7 21. Bg5 h6 22. Bf6 Qg4 23. Nd2 Nb8 24. Rf3 Qxh3 25. Rxh3 Kh7 26. Rg3 Rf7 27. c4 Bc6 28. cxd5 Bxd5 29. Rc1 Nc6 30. Rd3 Rg8 31. Rg3 Bxa2 32. Rxg8 Kxg8 33. b3 Rd7 34. Rc2 Nb4 35. Rc8+ Kf7 36. Rh8 Rxd4 37. Rh7+ Ke8 38. Rh8+ Kf7 39. Rh7+ Kf8 40. Rh8+ Kf7 41. Rh7+ Ke8 42. Rh8+ 1/2-1/2

[Event "GRE-ch U10"]
[Site "Eretria"]
[Date "2011.07.01"]
[Round "9.4"]
[White "Andromedas, Georgios"]
[Black "Serpetsidakis, Nikolaos"]
[Result "0-1"]
[WhiteElo "1367"]
[BlackElo "1343"]
[PlyCount "89"]
[EventDate "2011.06.25"]
[EventType "swiss"]
[EventRounds "9"]
[EventCountry "GRE"]
[SourceTitle "EXT 2024"]
[Source "ChessBase"]
[SourceDate "2023.10.10"]
[SourceVersion "1"]
[SourceVersionDate "2023.10.10"]
[SourceQuality "1"]

1. d4 d5 2. e3 c6 3. Bd3 Nf6 4. f4 Bg4 5. Nf3 e6 6. Nbd2 Nbd7 7. c3 Qc7 8. a3 Bxf3 9. Nxf3 Bd6 10. 0-0 c5 11. Ne5 0-0 12. Qf3 Ne8 13. Qh5 g6 14. Qh6 Ng7 15. Rf3 Nf6 16. g4 Rfe8 17. Qh4 Be7 18. g5 Ne4 19. Bxe4 dxe4 20. Rg3 Nf5 21. Qg4 Nxg3 22. Qxg3 b6 23. Kf2 f6 24. gxf6 Bxf6 25. Bd2 Bxe5 26. fxe5 Rf8+ 27. Kg2 Rf3 28. Qg4 Qc6 29. h4 Raf8 30. Rd1 cxd4 31. h5 Qc4 32. Re1 Rf2+ 33. Kg3 R8f3+ 34. Kh4 Rh2+ 35. Kg5 Rf5+ 36. Qxf5 gxf5 37. Kf6 Rg2 38. cxd4 Qc6 39. Rc1 Qe8 40. Rc7 Qd8+ 41. Re7 Kf8 42. Bb4 Rg7 43. Kxe6 Rxe7+ 44. Bxe7+ Qxe7+ 45. Kxf5 0-1